000 00431cam a2200181ua 4500
041 _aeng
_h
082 _a828.09
_bLEA/DH
100 _aLeavis, R R .
245 _aD H Lawrence: Novelist /
_cR R Leavis.
_hTextual Documents
250 _a1 /
_b.
260 _aLondon :
_bChatto and Windus ,
_c1962.
300 _a318 ; .
504 _a
942 _cBK
999 _c3516
_d3516